Overseas, overloaded and over here (Record no. 84017)

MARC details
000 -LEADER
fixed length control field 01288cab a22002055a 4500
001 - CONTROL NUMBER
control field L156443
008 - FIXED-LENGTH DATA ELEMENTS--GENERAL INFORMATION
fixed length control field 120522e2012 xxk 000 0 eng d
035 ## - SYSTEM CONTROL NUMBER
System control number (Sirsi) u156443
041 0# - LANGUAGE CODE
Language code of text/sound track or separate title eng
100 1# - MAIN ENTRY--PERSONAL NAME
Personal name Sandher, Hardeep
245 00 - TITLE STATEMENT
Title Overseas, overloaded and over here
260 ## - PUBLICATION, DISTRIBUTION, ETC.
Date of publication, distribution, etc. 2012
490 #0 - SERIES STATEMENT
Series statement Property Week
Volume/sequential designation 78 (20) 18 May 2012 Property Supplement, 10-11(2)
520 ## - SUMMARY, ETC.
Summary, etc. Foreign investors' interest in London commercial property is stronger than ever. In the last three years two-thirds of the London office investment market was purchased by overseas buyers (from 30 countries in 2011) with the trend continuing in 2012. Overseas buyers outweighed domestic investors for the first time in 2011. With the arrival of these foreign investors the typical asset hold period is likely to be 10 years or more compared to the three to five years typical of UK institutions.
520 ## - SUMMARY, ETC.
Summary, etc. Graphics cover: increasing dominance of overseas capital in London office market; main overseas investors into City office market; European transaction activity; sovereign wealth funds' proportion allocated to each asset class; and how London investments compare with those in other cities.
590 ## - LOCAL NOTE (RLIN)
Local note KA
651 #4 - SUBJECT ADDED ENTRY--GEOGRAPHIC NAME
Geographic name London
690 ## - LOCAL SUBJECT ADDED ENTRY--TOPICAL TERM (OCLC, RLIN)
Topical term or geographic name as entry element Commercial property
9 (RLIN) 6227
942 ## - ADDED ENTRY ELEMENTS (KOHA)
Suppress in OPAC 0
Holdings
Withdrawn status Lost status Source of classification or shelving scheme Damaged status Not for loan Home library Current library Shelving location Date acquired Total Checkouts Full call number Barcode Date last seen Copy number Price effective from Koha item type
    Dewey Decimal Classification     London London Journal article 22/05/2012   L156443 156443-1001 06/08/2019 1 06/08/2019 Journal article